All D1 NCAA Women's Lacrosse Programs - Statistics

General Stats
  • This quiz has been taken 203 times
  • The average score is 58 of 120
Answer Stats
Hint Answer % Correct
Ivy Harvard
90%
Ivy Yale
90%
ACC North Carolina
89%
Ivy Princeton
89%
Ivy Pennsyvania
88%
ACC Virginia
86%
Ivy Cornell
85%
ACC Boston College
83%
ACC Syracuse
83%
ACC Duke
82%
BIG10 Michigan
81%
MPSF Saint Mary's
81%
Patriot Army
80%
Ivy Brown
80%
BIG10 Penn St
80%
Ivy Dartmouth
79%
Patriot Navy
79%
BIG10 Northwestern
77%
BIG10 Maryland
76%
ACC Notre Dame
76%
Ivy Colombia
74%
BIG10 Ohio St
74%
ACC Virginia Tech
74%
The American Florida
73%
PAC12 USC
69%
PAC12 Stanford
68%
BIG10 Rutgers
67%
Patriot Boston U
65%
Patriot Loyola
63%
PAC12 Oregon
62%
American East Vermont
62%
American East Albany
61%
PAC12 Colorado
61%
Atlantic 10 UMass
61%
Big East Georgetown
60%
BIG10 Johns Hopkins
59%
Big East UConn
58%
Big East Denver
57%
MAAC Fairfield
56%
PAC12 Arizona St
55%
Patriot Colgate
54%
Patriot Lehigh
54%
ACC Louisville
54%
Atlantic 10 George Washington
51%
ASUN Jacksonville
51%
Big East Villanova
51%
Patriot American
50%
American East Binghamton
50%
NEC Bryant
50%
Patriot Bucknell
50%
Colonial Delaware
50%
Colonial Hofstra
50%
Colonial James Madison
50%
Atlantic 10 Richmond
50%
Colonial Towson
50%
Colonial Drexel
49%
Patriot Lafayette
49%
American East Stony Brook
49%
Patriot Holy Cross
48%
MAAC Marist
48%
Big East Marquette
48%
American East UMBC
48%
NEC Long Island
46%
MAAC Quinnipiac
46%
Big South High Point
44%
The American Temple
44%
American East New Hampshire
43%
Atlantic 10 Saint Joseph's
43%
MAAC Siena
43%
American East UMass Lowell
43%
MAAC Canisius
42%
NEC Merrimack
41%
NEC Wagner
41%
MAAC Iona
40%
MAAC Manhatten
40%
NEC Sacred Heart
40%
Big South Mercer
39%
MAAC Monmouth
39%
PAC12 California
38%
Atlantic 10 George Mason
37%
The American Vanderbilt
36%
Big East Butler
35%
MAC Robert Morris
35%
Colonial Elon
34%
NEC Mount St. Mary's
34%
MAC Akron
33%
MAC Central Michigan
33%
Atlantic 10 St. Bonaventure
33%
American East Hartford
32%
ASUN Liberty
32%
Colonial William & Mary
32%
Big South Furman
31%
Atlantic 10 Davidson
29%
MAAC Niagara
29%
The American Cincinnati
28%
MAC Eastern Michigan
28%
NEC Howard
28%
MAC Kent St
28%
Atlantic 10 VCU
28%
MAC Detroit Mercy
26%
The American East Carolina
26%
NEC Saint Francis
26%
Big South Campbell
24%
ASUN Coastal Carolina
24%
MPSF San Diego St
22%
Atlantic 10 Duquesne
20%
Big South Gardner-Webb
19%
NEC Central Connecticut St
18%
ASUN Kennesaw St
18%
The American Old Dominion
18%
MAC Youngstown St
18%
Atlantic 10 La Salle
17%
Big South Longwood
17%
ASUN Delaware St
16%
Big South Presbyterian
16%
ASUN Stetson
16%
Big South Winthrop
15%
Big South Radford
14%
Big South Wofford
14%
MPSF UC Davis
5%
No matching quizzes found
Score Distribution
Percent of People with Each Score
Percentile by Number Answered
Your Score History
You have not taken this quiz